[Event "2. Hrvatska liga zapad 2017."]
[Site "Pula, Gospić, Rijeka"]
[Date "2017.04.09"]
[Round "5.4"]
[White "Crepan, Marjan"]
[Black "Licardo, Renato"]
[Result "0-1"]
[WhiteElo "2284"]
[BlackElo "2224"]
[PlyCount "114"]
[EventDate "2017.03.25"]

1. e4 e5 2. Nf3 Nc6 3. d4 exd4 4. Bc4 Nf6 5. O-O Nxe4 6. Re1 d5 7. Bxd5 Qxd5 8.
Nc3 Qh5 9. Nxe4 Be6 10. Bg5 Bb4 11. Nxd4 Qxd1 12. Rexd1 Nxd4 13. Rxd4 Be7 14.
Re1 Rd8 15. Ra4 a6 16. Bxe7 Kxe7 17. Nc5 Rd5 18. Rc4 c6 19. Nxb7 Rb8 20. Nc5
Rxb2 21. Nd3 Rxa2 22. Nb4 Ra3 23. Rxc6 Re5 24. Rd1 a5 25. Rc7+ Kf6 26. Nd3 Rd5
27. Re1 g5 28. h4 h6 29. hxg5+ hxg5 30. Re3 Ra1+ 31. Kh2 Rd4 32. Ne5 a4 33. Rc5
a3 34. Ra5 a2 35. Rf3+ Kg7 36. Rfa3 Rd5 37. Rxd5 Bxd5 38. c4 Be6 39. Ra7 Re1
40. Nxf7 a1=Q 41. Rxa1 Rxa1 42. Nxg5 Bxc4 43. Kg3 Bd5 44. Nh3 Kf6 45. Nf4 Be4
46. Ne2 Kg5 47. f3 Bd3 48. Nd4 Ra2 49. Ne6+ Kf6 50. Nf4 Bf1 51. Nd5+ Ke5 52.
Ne3 Bb5 53. Ng4+ Kd4 54. Nh6 Bf1 55. Nf5+ Kd3 56. Nh4 Rb2 57. Kh3 Rb5 0-1

[Event "2. Hrvatska liga zapad 2017."]
[Site "Pula, Gospić, Rijeka"]
[Date "2017.04.09"]
[Round "5.4"]
[White "Grbac, Boris"]
[Black "Tomljanovic, Goran"]
[Result "1-0"]
[WhiteElo "2127"]
[BlackElo "2071"]
[PlyCount "44"]
[EventDate "2017.03.25"]

1. e4 g6 2. d4 Bg7 3. Nf3 d6 4. h3 Nf6 5. Bd3 O-O 6. Nc3 h6 7. Be3 Nc6 8. Qd2
Kh7 9. g4 Ng8 10. O-O-O Nb4 11. Be2 a5 12. h4 f6 13. Rdg1 c5 14. dxc5 dxc5 15.
Qxd8 Rxd8 16. Bxc5 f5 17. gxf5 gxf5 18. Ng5+ hxg5 19. hxg5+ Kg6 20. Bh5+ Kh7
21. Bf7+ Nh6 22. Bxe7 Rd7 1-0

[Event "2. Hrvatska liga zapad 2017."]
[Site "Pula, Gospić, Rijeka"]
[Date "2017.04.09"]
[Round "5.4"]
[White "Prpic, Ivan"]
[Black "Ghersinich, Enrico"]
[Result "0-1"]
[WhiteElo "1943"]
[BlackElo "2029"]
[PlyCount "110"]
[EventDate "2017.03.25"]

1. e4 c5 2. Nf3 d6 3. d4 cxd4 4. Nxd4 Nf6 5. Nc3 g6 6. Bb5+ Bd7 7. Bxd7+ Qxd7
8. O-O Bg7 9. Re1 O-O 10. f4 Nc6 11. Nxc6 Qxc6 12. Kh1 Rac8 13. Qd3 Ng4 14. Qe2
Bxc3 15. bxc3 Qxc3 16. Bd2 Qd4 17. c3 Qf2 18. h3 Qxe2 19. Rxe2 Nf6 20. g4 Rc4
21. Rae1 Nd7 22. Rb1 b6 23. Kg2 Rfc8 24. h4 Ra4 25. Rb2 Rcc4 26. Kf3 Nf6 27. e5
Nd5 28. exd6 exd6 29. f5 Rxg4 30. Bh6 f6 31. Re8+ Kf7 32. Rf8+ Ke7 33. Re2+ Kd7
34. Rd2 Ne7 35. fxg6 Rxg6 36. Bf4 d5 37. Rf7 h5 38. Rh7 Rg4 39. Bg3 Ke6 40.
Rxh5 Nf5 41. Re2+ Rge4 42. Rxe4+ dxe4+ 43. Kf4 e3+ 44. Kf3 Nxg3 45. Rh8 Nf5 46.
h5 Rxa2 47. Re8+ Kf7 48. Re4 Rf2+ 49. Kg4 e2 50. h6 Nxh6+ 51. Kg3 Rf5 52. Rxe2
Rc5 53. Rc2 Ke6 54. Kf4 Kd5 55. Rh2 Rc4+ 0-1

[Event "2. Hrvatska liga zapad 2017."]
[Site "Pula, Gospić, Rijeka"]
[Date "2017.04.09"]
[Round "5.4"]
[White "Grguric, Dragan"]
[Black "Gradiser, Dragoljub"]
[Result "1-0"]
[WhiteElo "1994"]
[BlackElo "1902"]
[PlyCount "59"]
[EventDate "2017.03.25"]

1. e4 c5 2. Nf3 Nc6 3. Nc3 d6 4. d4 cxd4 5. Nxd4 a6 6. Be3 Nf6 7. f3 e5 8. Nb3
Be7 9. Qd2 Be6 10. Nd5 Bxd5 11. exd5 Nb8 12. g4 h6 13. O-O-O Nbd7 14. h4 a5 15.
a4 Qc7 16. Bb5 Ng8 17. f4 exf4 18. Bxf4 Ngf6 19. Qe2 Kd8 20. g5 Ng8 21. Rde1
Rc8 22. Nd4 Ne5 23. Nf5 Bf8 24. Bxe5 dxe5 25. d6 Qc5 26. Rh3 Qd5 27. Qxe5 Qxe5
28. Rxe5 Bxd6 29. Nxd6 Ne7 30. Nxf7+ 1-0

[Event "2. Hrvatska liga zapad 2017."]
[Site "Pula, Gospić, Rijeka"]
[Date "2017.04.09"]
[Round "5.4"]
[White "Baljak, Jadranko"]
[Black "Ikica, Ante"]
[Result "0-1"]
[WhiteElo "1819"]
[BlackElo "1905"]
[PlyCount "74"]
[EventDate "2017.03.25"]

1. c4 Nf6 2. g3 g6 3. Nc3 Bg7 4. e4 d6 5. Bg2 c5 6. Nf3 Nc6 7. O-O O-O 8. d3
Rb8 9. h3 a6 10. a4 Bd7 11. Be3 e5 12. Qd2 Nd4 13. Bxd4 cxd4 14. Nd5 b5 15.
axb5 axb5 16. b3 Be6 17. Ra7 Nd7 18. Rfa1 Bxd5 19. cxd5 Nc5 20. Qd1 h6 21. Ne1
f5 22. f3 Qg5 23. Kh2 h5 24. Rc7 Rf7 25. Rxf7 Kxf7 26. Qc2 b4 27. Qa2 h4 28.
Qa7+ Rb7 29. Qa8 hxg3+ 30. Kh1 Qe7 31. Qa2 Bh6 32. Bf1 Kg7 33. Kg2 Be3 34. Qc2
Qg5 35. Ra2 Bf2 36. Ra1 Qe3 37. Be2 Bxe1 0-1

[Event "2. Hrvatska liga zapad 2017."]
[Site "Pula, Gospić, Rijeka"]
[Date "2017.04.09"]
[Round "5.4"]
[White "Bonaca, Dario"]
[Black "Prpic, Milan"]
[Result "1-0"]
[WhiteElo "1905"]
[BlackElo "1776"]
[PlyCount "55"]
[EventDate "2017.03.25"]

1. d4 e6 2. c4 d5 3. Nf3 Nf6 4. Bg5 Be7 5. Nc3 c6 6. e3 O-O 7. Qc2 Nbd7 8. Bd3
h6 9. h4 b6 10. Bxf6 Bxf6 11. e4 dxc4 12. Bxc4 e5 13. d5 Bb7 14. O-O-O c5 15.
g4 a6 16. g5 hxg5 17. hxg5 Bxg5+ 18. Nxg5 Qxg5+ 19. f4 Qxf4+ 20. Kb1 g6 21.
Rdf1 Qg3 22. Qd2 Nf6 23. Rxf6 Kg7 24. Rxb6 Rh8 25. Rxh8 Rxh8 26. Rxb7 Rh1+ 27.
Kc2 Rh2 28. Be2 1-0

[Event "2. Hrvatska liga zapad 2017."]
[Site "Pula, Gospić, Rijeka"]
[Date "2017.04.09"]
[Round "5.5"]
[White "Jurman, Roberto"]
[Black "Cucancic, Sinisa"]
[Result "0-1"]
[WhiteElo "2152"]
[BlackElo "2225"]
[PlyCount "44"]
[EventDate "2017.03.25"]

1. c4 e5 2. g3 Nf6 3. Bg2 c6 4. b3 d5 5. Bb2 Bd6 6. Qc2 O-O 7. e3 Na6 8. a3
dxc4 9. bxc4 Nc5 10. Ne2 e4 11. O-O Bf5 12. Bxf6 Qxf6 13. Nbc3 Rfe8 14. Nd4 Bg6
15. Rab1 Rad8 16. a4 Be5 17. Nce2 b6 18. Qa2 Nd3 19. f4 Bxd4 20. exd4 Bh5 21.
Nc3 Qxd4+ 22. Kh1 Nf2+ 0-1

[Event "2. Hrvatska liga zapad 2017."]
[Site "Pula, Gospić, Rijeka"]
[Date "2017.04.09"]
[Round "5.5"]
[White "Pavlovic, Ranko"]
[Black "Jurman, Pjerino"]
[Result "0-1"]
[WhiteElo "2164"]
[BlackElo "1986"]
[PlyCount "98"]
[EventDate "2017.03.25"]

1. d4 e6 2. Nf3 Nf6 3. Bf4 d5 4. e3 Be7 5. c4 O-O 6. Nc3 a6 7. cxd5 exd5 8. Bd3
Bg4 9. Qc2 Nc6 10. a3 Bxf3 11. gxf3 Re8 12. O-O h6 13. Ne2 Bd6 14. Bxd6 Qxd6
15. Ng3 Ne7 16. Rfc1 c6 17. b4 h5 18. Kh1 g6 19. Rg1 Kf8 20. Ne2 Nh7 21. Nf4
Qf6 22. Kg2 Ng5 23. h4 Ne6 24. Nxe6+ Qxe6 25. Rh1 b6 26. Rab1 Rec8 27. Rh3 Qd6
28. Qe2 b5 29. Qc2 a5 30. Qc5 Qf6 31. Qc2 axb4 32. axb4 Ra3 33. Rhh1 Rca8 34.
Rb2 R8a4 35. f4 Qe6 36. f5 gxf5 37. Rh3 f4 38. exf4 Qg4+ 39. Rg3 Qxf4 40. Qc5
Ra2 41. Qc3 R4a3 42. Rxa2 Rxc3 43. Ra8+ Nc8 44. Rxc8+ Ke7 45. Ra8 Qxd4 46. Re3+
Kd6 47. Rd8+ Kc7 48. Ree8 Qg4+ 49. Kh2 Rxd3 0-1

[Event "2. Hrvatska liga zapad 2017."]
[Site "Pula, Gospić, Rijeka"]
[Date "2017.04.09"]
[Round "5.5"]
[White "Crnkovic, Zdravko"]
[Black "Levar, Nenad"]
[Result "1-0"]
[WhiteElo "2036"]
[BlackElo "2005"]
[PlyCount "59"]
[EventDate "2017.03.25"]

1. e4 d6 2. d4 Nf6 3. Nd2 e5 4. c3 c6 5. Ngf3 Qc7 6. Be2 Be7 7. O-O O-O 8. Qc2
Bg4 9. h3 Bh5 10. dxe5 dxe5 11. Nc4 Nbd7 12. Bg5 Rfe8 13. b4 Bg6 14. Bd3 h6 15.
Bh4 Nh7 16. Ne3 Ng5 17. Nxg5 hxg5 18. Bg3 f6 19. Bc4+ Kh7 20. Be6 Kh8 21. h4
gxh4 22. Bxh4 Nf8 23. Bb3 Bh7 24. g4 g5 25. Bg3 Red8 26. Kg2 Rd7 27. Rh1 Rad8
28. Qe2 Kg7 29. Qc4 Bd6 30. Nf5+ 1-0

[Event "2. Hrvatska liga zapad 2017."]
[Site "Pula, Gospić, Rijeka"]
[Date "2017.04.09"]
[Round "5.5"]
[White "Jokic, Miljenko"]
[Black "Fattorich, Igor"]
[Result "0-1"]
[WhiteElo "1862"]
[BlackElo "1939"]
[PlyCount "88"]
[EventDate "2017.03.25"]

1. e4 c5 2. Nc3 Nc6 3. g3 d6 4. Bg2 Nf6 5. Nge2 g6 6. O-O Bg7 7. d4 cxd4 8.
Nxd4 Nxd4 9. Qxd4 O-O 10. Qd3 Nd7 11. f4 Nc5 12. Qe2 b6 13. Rd1 Ba6 14. Qf2 Qe8
15. Nd5 Rc8 16. Rb1 Bb7 17. Be3 e6 18. Nc3 Bxc3 19. bxc3 Nxe4 20. Bxe4 Bxe4 21.
Rxd6 Rxc3 22. Bxb6 Rxc2 23. Qd4 Rg2+ 24. Kf1 Bxb1 25. Kxg2 axb6 26. a3 Qa8+ 27.
Kg1 Qxa3 28. Rxb6 Qc1+ 29. Kg2 Qc2+ 30. Kh3 Qe4 31. Qb2 Bd3 32. Rb4 Bf1+ 33.
Kh4 Qe2 34. Qxe2 Bxe2 35. Rb7 Kg7 36. g4 Rc8 37. Rb3 Rc4 38. Re3 Bd1 39. Rd3
Bc2 40. Rd2 Rc3 41. Rf2 h6 42. Rg2 f6 43. Rg1 g5+ 44. fxg5 hxg5+ 0-1

[Event "2. Hrvatska liga zapad 2017."]
[Site "Pula, Gospić, Rijeka"]
[Date "2017.04.09"]
[Round "6.1"]
[White "Muskardin, Mario"]
[Black "Cherin, Diego"]
[Result "1-0"]
[WhiteElo "2251"]
[BlackElo "2219"]
[PlyCount "63"]
[EventDate "2017.03.25"]

1. Nf3 f5 2. c4 Nf6 3. g3 g6 4. Bg2 Bg7 5. O-O O-O 6. Nc3 d6 7. Rb1 e5 8. d3 a5
9. a3 Nc6 10. b4 axb4 11. axb4 h6 12. c5 Kh7 13. e3 Qe7 14. cxd6 Qxd6 15. b5
Nb4 16. d4 e4 17. Ne5 Nfd5 18. Nxd5 Nxd5 19. Nc4 Qe6 20. Qc2 Re8 21. Re1 Bf8
22. Bd2 Nb6 23. Bf1 Nxc4 24. Bxc4 Qf6 25. Bd5 Bd6 26. Rec1 h5 27. Bb4 Re7 28.
Bxd6 Qxd6 29. Qc5 Qf6 30. Ra1 Rb8 31. Qa7 f4 32. gxf4 1-0

[Event "2. Hrvatska liga zapad 2017."]
[Site "Pula, Gospić, Rijeka"]
[Date "2017.04.09"]
[Round "6.1"]
[White "Tirkajla, Boris"]
[Black "Jurman, Pjerino"]
[Result "1/2-1/2"]
[WhiteElo "2070"]
[BlackElo "1986"]
[PlyCount "102"]
[EventDate "2017.03.25"]

1. f4 f5 2. Nf3 Nf6 3. g3 e6 4. Bg2 Be7 5. O-O O-O 6. b3 c5 7. Bb2 Nc6 8. e3
Qc7 9. d3 Ng4 10. Re1 Bf6 11. Bxf6 Rxf6 12. e4 Nd4 13. h3 Nh6 14. e5 Nxf3+ 15.
Bxf3 Rf8 16. Qe2 Rb8 17. a4 b6 18. Na3 d5 19. exd6 Qxd6 20. Nc4 Qd8 21. Ne5 Qd6
22. Qg2 Bd7 23. Kh2 Rbd8 24. Re2 Nf7 25. Rae1 Nxe5 26. Rxe5 Rf6 27. h4 h6 28.
Qe2 Kf7 29. Qe3 Rg8 30. h5 g6 31. a5 gxh5 32. Bxh5+ Ke7 33. axb6 axb6 34. Ra1
Qc7 35. c4 Bc6 36. Rd1 Qd6 37. b4 cxb4 38. Qxb6 Rb8 39. Qe3 b3 40. Bf3 Bxf3 41.
Qxf3 b2 42. Rb1 Rb3 43. Ra5 Rg6 44. Ra7+ Kf6 45. Qh5 e5 46. fxe5+ Kxe5 47. Ra5+
Kf6 48. Qxf5+ Kg7 49. Ra7+ Kh8 50. Ra8+ Kg7 51. Ra7+ Kh8 1/2-1/2

[Event "2. Hrvatska liga zapad 2017."]
[Site "Pula, Gospić, Rijeka"]
[Date "2017.04.09"]
[Round "6.1"]
[White "Crnkovic, Zdravko"]
[Black "Oljaca, Manuel"]
[Result "1-0"]
[WhiteElo "2036"]
[BlackElo "1997"]
[PlyCount "76"]
[EventDate "2017.03.25"]

1. e4 e5 2. Nc3 Nf6 3. d3 Nc6 4. Nf3 Bc5 5. Be2 h6 6. O-O a6 7. Nxe5 Nxe5 8. d4
Bd6 9. f4 Nxe4 10. Nxe4 Ng6 11. Nxd6+ cxd6 12. f5 Ne7 13. d5 Ng8 14. Bd3 Nf6
15. Re1+ Kf8 16. c4 Kg8 17. Be3 Kh7 18. g4 b5 19. b3 Bb7 20. g5 hxg5 21. Bxg5
Kg8 22. Qf3 bxc4 23. bxc4 Qb6+ 24. Kh1 Qb2 25. Bf4 Qd4 26. Rab1 Ra7 27. Bxd6
Rh5 28. Be5 Qh4 29. Re2 Ng4 30. Bg3 Qh3 31. Rbb2 Nf6 32. Qg2 Qxg2+ 33. Kxg2
Nxd5 34. Re8+ Kh7 35. f6+ g6 36. cxd5 Bxd5+ 37. Be4 Bxe4+ 38. Rxe4 Rb5 1-0

[Event "2. Hrvatska liga zapad 2017."]
[Site "Pula, Gospić, Rijeka"]
[Date "2017.04.09"]
[Round "6.1"]
[White "Grego, Ludvig"]
[Black "Fattorich, Igor"]
[Result "1/2-1/2"]
[WhiteElo "1916"]
[BlackElo "1939"]
[PlyCount "82"]
[EventDate "2017.03.25"]

1. c4 e5 2. Nc3 Nf6 3. Nf3 Nc6 4. g3 d5 5. cxd5 Nxd5 6. Bg2 Be6 7. O-O Be7 8.
d4 exd4 9. Nxd4 Nxd4 10. Qxd4 Bf6 11. Qa4+ c6 12. Nxd5 Bxd5 13. Rd1 b5 14. Qc2
Qb6 15. Bxd5 cxd5 16. Rxd5 O-O 17. Be3 Qb7 18. Rad1 a6 19. Rd7 Qc8 20. Qd2 Qc4
21. b3 Qe4 22. Qd5 Qg6 23. Kg2 h5 24. Qf3 Rac8 25. R7d6 Rfd8 26. h4 Qg4 27.
Rxd8+ Bxd8 28. Qxg4 hxg4 29. Rc1 Rxc1 30. Bxc1 f5 31. f3 Bb6 32. Kf1 Kf7 33.
fxg4 fxg4 34. Bf4 Ke6 35. e4 g6 36. Ke2 Bc5 37. Kd3 Bf2 38. Kc3 Be1+ 39. Kd4
Bf2+ 40. Kd3 Be1 41. a4 Bf2 1/2-1/2

[Event "2. Hrvatska liga zapad 2017."]
[Site "Pula, Gospić, Rijeka"]
[Date "2017.04.09"]
[Round "6.1"]
[White "Fiala, Nenad"]
[Black "Petrovic, Neven"]
[Result "1-0"]
[WhiteElo "1826"]
[BlackElo "1916"]
[PlyCount "75"]
[EventDate "2017.03.25"]

1. c4 Nf6 2. d4 g6 3. Nc3 Bg7 4. e4 d6 5. Bg5 O-O 6. Nf3 Bg4 7. Be2 Nbd7 8. h3
Bxf3 9. Bxf3 e5 10. d5 a5 11. O-O Nc5 12. a3 a4 13. Be3 Nb3 14. Rb1 Nd7 15.
Nxa4 Rxa4 16. Qxb3 Qa8 17. Qb5 Rd8 18. Bg5 Ra5 19. Qb3 Rb8 20. Bg4 Nf6 21. Qf3
Nxg4 22. Qxg4 b5 23. Qd7 Qb7 24. cxb5 Rxb5 25. b4 Qa7 26. Rb3 R5b7 27. Qc6 Qd4
28. Qc2 Qa7 29. Be3 Qa4 30. Rc3 Qd7 31. Rc1 Rc8 32. Rc6 f5 33. f3 f4 34. Bb6
Ra8 35. Bxc7 Rxa3 36. Bxd6 h6 37. Rc8+ Kh7 38. Qc6 1-0

[Event "2. Hrvatska liga zapad 2017."]
[Site "Pula, Gospić, Rijeka"]
[Date "2017.04.09"]
[Round "6.2"]
[White "Cucancic, Sinisa"]
[Black "Grbac, Boris"]
[Result "1/2-1/2"]
[WhiteElo "2225"]
[BlackElo "2127"]
[PlyCount "67"]
[EventDate "2017.03.25"]

1. Nf3 g6 2. c4 Bg7 3. d4 c5 4. Nc3 cxd4 5. Nxd4 Nc6 6. e3 d6 7. Be2 Nh6 8. O-O
O-O 9. Qd2 Bd7 10. Nc2 Qa5 11. Rb1 Ng4 12. h3 Nf6 13. b4 Qg5 14. f4 Qh4 15. Bf3
Rac8 16. Nd5 Rfe8 17. e4 Nh5 18. Bxh5 Qxh5 19. Bb2 e5 20. b5 Nb8 21. Nce3 Be6
22. f5 Bxd5 23. Qxd5 Qg5 24. Ng4 h5 25. fxg6 Qxg6 26. Ne3 Nd7 27. Qxb7 Nc5 28.
Qd5 Nxe4 29. Nf5 Ng5 30. Kh1 Bf8 31. Ba3 Qe6 32. h4 Rxc4 33. Qxe6 Nxe6 34. Bxd6
1/2-1/2

[Event "2. Hrvatska liga zapad 2017."]
[Site "Pula, Gospić, Rijeka"]
[Date "2017.04.09"]
[Round "6.2"]
[White "Ghersinich, Enrico"]
[Black "Pavlovic, Ranko"]
[Result "1-0"]
[WhiteElo "2029"]
[BlackElo "2164"]
[PlyCount "55"]
[EventDate "2017.03.25"]

1. e4 e6 2. d4 d5 3. Nd2 dxe4 4. Nxe4 Nd7 5. g3 Ngf6 6. Bg2 Be7 7. Nxf6+ Nxf6
8. Nf3 O-O 9. O-O c6 10. b3 Bd7 11. Bb2 Qa5 12. Nd2 Rfd8 13. Qe2 Be8 14. Rfd1
Rac8 15. Nc4 Qc7 16. Ne3 b5 17. c4 a6 18. d5 cxd5 19. cxd5 Bd7 20. Nf5 Bf8 21.
Nh6+ gxh6 22. Bxf6 exd5 23. Bxd8 Rxd8 24. Rac1 Qb8 25. Bxd5 Bf5 26. Qf3 Bg6 27.
Rc6 a5 28. Rxg6+ 1-0

[Event "2. Hrvatska liga zapad 2017."]
[Site "Pula, Gospić, Rijeka"]
[Date "2017.04.09"]
[Round "6.2"]
[White "Levar, Nenad"]
[Black "Grguric, Dragan"]
[Result "1-0"]
[WhiteElo "2005"]
[BlackElo "1994"]
[PlyCount "95"]
[EventDate "2017.03.25"]

1. Nf3 Nf6 2. c4 g6 3. g3 Bg7 4. Bg2 O-O 5. O-O d6 6. Nc3 e5 7. d3 Nc6 8. Rb1
a5 9. a3 Nd4 10. b4 axb4 11. axb4 Re8 12. Bd2 Bg4 13. e3 Nxf3+ 14. Bxf3 Bxf3
15. Qxf3 c6 16. b5 d5 17. Rfd1 Qd7 18. bxc6 bxc6 19. cxd5 cxd5 20. e4 d4 21.
Ne2 Ra2 22. Bg5 Ng4 23. h3 Nh6 24. Kg2 f5 25. exf5 gxf5 26. Rb7 Qe6 27. Rc1 Nf7
28. Rcc7 Rf8 29. Be7 Rc8 30. Nc1 Raa8 31. Rd7 e4 32. dxe4 fxe4 33. Qb3 Qxb3 34.
Nxb3 e3 35. Bb4 Rf8 36. Bxf8 Rxf8 37. fxe3 dxe3 38. Re7 Bh6 39. Nc5 Nd6 40. Rb2
Nf5 41. Re6 Bg7 42. Ra2 Bd4 43. Nb3 Bc3 44. Rc2 Be1 45. Re4 Kh8 46. Rf4 Kg8 47.
Rc5 Nxg3 48. Rg5+ 1-0

[Event "2. Hrvatska liga zapad 2017."]
[Site "Pula, Gospić, Rijeka"]
[Date "2017.04.09"]
[Round "6.2"]
[White "Ikica, Ante"]
[Black "Jokic, Miljenko"]
[Result "1/2-1/2"]
[WhiteElo "1905"]
[BlackElo "1862"]
[PlyCount "107"]
[EventDate "2017.03.25"]

1. e4 e5 2. Nf3 Nc6 3. Bc4 Nf6 4. d3 Bc5 5. O-O h6 6. a4 d6 7. c3 a5 8. h3 Be6
9. Nbd2 O-O 10. Re1 Re8 11. Nf1 d5 12. Bb3 dxe4 13. dxe4 Qxd1 14. Bxd1 Rad8 15.
Bc2 Nd7 16. b3 Nb6 17. Be3 Bxe3 18. Nxe3 f6 19. Kf1 Kf7 20. Ke2 g6 21. g4 Rh8
22. Rad1 Rxd1 23. Rxd1 h5 24. Rg1 hxg4 25. hxg4 Ne7 26. g5 Nd7 27. gxf6 Kxf6
28. Ng5 c6 29. b4 axb4 30. cxb4 b5 31. Nxe6 Kxe6 32. Bb3+ Kd6 33. Rd1+ Kc7 34.
axb5 cxb5 35. Nd5+ Nxd5 36. Bxd5 Rb8 37. Rg1 Rb6 38. Ra1 Nb8 39. Rc1+ Kd6 40.
Kf3 Ra6 41. Rc5 Rb6 42. Rc3 Na6 43. Rb3 Ke7 44. Kg4 Rf6 45. f3 Rd6 46. f4 exf4
47. Kxf4 Nc7 48. Ke5 g5 49. Rh3 Rg6 50. Rh7+ Kd8 51. Bf7 Rc6 52. Rg7 Na6 53.
Bd5 Rh6 54. Rb7 1/2-1/2

[Event "2. Hrvatska liga zapad 2017."]
[Site "Pula, Gospić, Rijeka"]
[Date "2017.04.09"]
[Round "6.3"]
[White "Podobnik, Marijan"]
[Black "Prpic, Ivan"]
[Result "1/2-1/2"]
[WhiteElo "2143"]
[BlackElo "1943"]
[PlyCount "76"]
[EventDate "2017.03.25"]

1. e4 c5 2. c3 Nf6 3. e5 Nd5 4. d4 cxd4 5. Nf3 e6 6. cxd4 Bb4+ 7. Bd2 Qa5 8.
Bc4 Nc6 9. O-O Bxd2 10. Nbxd2 Nf4 11. Ne4 O-O 12. a3 Ne7 13. b4 Qd8 14. Qd2
Nfg6 15. Nd6 h6 16. Rac1 a6 17. Rfe1 Nf5 18. Nxf5 exf5 19. d5 d6 20. e6 Ne7 21.
Nd4 b5 22. Bb3 fxe6 23. Nxe6 Bxe6 24. Rxe6 Rf7 25. Rce1 Ra7 26. Qf4 Rd7 27. h4
Rf8 28. h5 Nc8 29. Rg6 Kh8 30. Ree6 Rdf7 31. Qd4 Rf6 32. Rgxf6 Rxf6 33. Rxf6
Qxf6 34. Qxf6 gxf6 35. f4 Kg7 36. Kf2 Kf7 37. Ke3 Ne7 38. Kd4 Ke8 1/2-1/2

[Event "2. Hrvatska liga zapad 2017."]
[Site "Pula, Gospić, Rijeka"]
[Date "2017.04.09"]
[Round "6.3"]
[White "Gradiser, Dragoljub"]
[Black "Krsovnik, Emil"]
[Result "0-1"]
[WhiteElo "1902"]
[BlackElo "2065"]
[PlyCount "112"]
[EventDate "2017.03.25"]

1. e4 e5 2. Nf3 Nc6 3. b3 Nf6 4. Bb2 d6 5. Nc3 Bg4 6. Be2 Qd7 7. h3 Bxf3 8.
Bxf3 Nd4 9. Na4 O-O-O 10. Bxd4 exd4 11. Bg4 Nxg4 12. Qxg4 Re8 13. Qxd7+ Kxd7
14. f3 f5 15. d3 b5 16. Nb2 d5 17. O-O dxe4 18. fxe4 fxe4 19. dxe4 Rxe4 20. Nd3
Bd6 21. Rf7+ Re7 22. Rf5 a6 23. a4 c6 24. axb5 axb5 25. Nc5+ Bxc5 26. Rxc5 Kd6
27. b4 Re5 28. Rxe5 Kxe5 29. Ra7 g6 30. Kf2 Kd5 31. Ke2 Re8+ 32. Kd2 Kc4 33.
Rd7 Re3 34. Rd6 c5 35. bxc5 Kxc5 36. Rf6 Rg3 37. Rf2 Kc4 38. Re2 h5 39. Rf2 h4
40. Re2 g5 41. Rf2 b4 42. Re2 b3 43. cxb3+ Rxb3 44. Kc1 Re3 45. Ra2 Kd3 46. Kd1
Ke4 47. Rb2 Kf4 48. Rf2+ Kg3 49. Rf5 Kxg2 50. Rxg5+ Kxh3 51. Rg1 Ra3 52. Rh1+
Kg4 53. Ke2 Re3+ 54. Kf2 Rf3+ 55. Kg2 h3+ 56. Kh2 Kf4 0-1

[Event "2. Hrvatska liga zapad 2017."]
[Site "Pula, Gospić, Rijeka"]
[Date "2017.04.09"]
[Round "6.3"]
[White "Nastic, Milorad"]
[Black "Baljak, Jadranko"]
[Result "1-0"]
[WhiteElo "1873"]
[BlackElo "1819"]
[PlyCount "101"]
[EventDate "2017.03.25"]

1. e4 c5 2. Nf3 d6 3. Bb5+ Nd7 4. O-O g6 5. Re1 a6 6. Bf1 Bg7 7. d4 cxd4 8.
Nxd4 Ngf6 9. c4 O-O 10. Nc3 Nc5 11. b3 Re8 12. Bb2 Rb8 13. f3 Ne6 14. Nd5 Nxd5
15. exd5 Nxd4 16. Bxd4 b5 17. Bxg7 Kxg7 18. Qd4+ Kg8 19. Re3 Qb6 20. Qc3 bxc4
21. Bxc4 Bd7 22. Rae1 Bb5 23. Kh1 Rb7 24. h4 h5 25. g4 hxg4 26. fxg4 Qc7 27. h5
g5 28. h6 f6 29. Qd3 Kh8 30. Bxb5 axb5 31. Qg6 Rg8 32. Qf7 Qc2 33. Rxe7 Rxe7
34. Qxf6+ Reg7 35. hxg7+ Rxg7 36. Re8+ Kh7 37. Qf3 Qb1+ 38. Kg2 Qc2+ 39. Kg3
Qb1 40. Qf5+ Qxf5 41. gxf5 Ra7 42. Re2 Kh6 43. Kg4 Rc7 44. Rh2+ Kg7 45. Kxg5
Rc1 46. f6+ Kg8 47. Kg6 Rg1+ 48. Kf5 Rf1+ 49. Ke6 Rf3 50. f7+ Rxf7 51. Rh8+ 1-0

[Event "2. Hrvatska liga zapad 2017."]
[Site "Pula, Gospić, Rijeka"]
[Date "2017.04.09"]
[Round "6.3"]
[White "Prpic, Milan"]
[Black "Matkun, Maksim"]
[Result "1-0"]
[WhiteElo "1776"]
[BlackElo "1948"]
[PlyCount "93"]
[EventDate "2017.03.25"]

1. d4 Nf6 2. c4 c5 3. Nf3 g6 4. Bd2 Ne4 5. Nc3 Nxd2 6. Qxd2 Bg7 7. e3 O-O 8. g3
cxd4 9. Nxd4 Nc6 10. Bg2 Ne5 11. b3 d6 12. O-O Rb8 13. f4 Ng4 14. Rad1 Bd7 15.
Rfe1 h5 16. h3 Nh6 17. Kh2 a6 18. Nd5 Kh7 19. e4 h4 20. g4 e6 21. Ne3 e5 22.
fxe5 Bxe5+ 23. Kh1 Be6 24. Rf1 Qd7 25. Nf3 Bg3 26. g5 Ng8 27. Ng1 f6 28. Nd5 f5
29. Qd3 Rbe8 30. Qc2 fxe4 31. Bxe4 Bf5 32. Bxf5 Rxf5 33. Rxf5 Qxf5 34. Qxf5
gxf5 35. Rf1 Kg6 36. Nf3 Re2 37. Nxh4+ Kxg5 38. Nf3+ Kh6 39. Nd4 Rh2+ 40. Kg1
Rxh3 41. Kg2 Rh2+ 42. Kxg3 Rxa2 43. Nxf5+ Kg5 44. Nxd6 Rb2 45. Rf3 b5 46. c5 a5
47. Nxb5 1-0

[Event "2. Hrvatska liga zapad 2017."]
[Site "Pula, Gospić, Rijeka"]
[Date "2017.04.09"]
[Round "6.4"]
[White "Tomulic, Teo"]
[Black "Mandekic, Ivan"]
[Result "1-0"]
[WhiteElo "2271"]
[BlackElo "2212"]
[PlyCount "91"]
[EventDate "2017.03.25"]

1. e4 Nf6 2. e5 Nd5 3. d4 d6 4. Bc4 c6 5. Bb3 Bf5 6. Ne2 e6 7. Ng3 Bg6 8. O-O
dxe5 9. dxe5 Nd7 10. Qe2 Nc5 11. Bxd5 cxd5 12. Be3 Qc7 13. Nc3 h5 14. Rfe1 h4
15. Nf1 h3 16. g4 a6 17. f4 Ne4 18. Nxe4 Bxe4 19. Rac1 Qc4 20. Qxc4 dxc4 21.
Bb6 Bf3 22. Ne3 Rc8 23. Kf2 Be4 24. Red1 Be7 25. Rd4 Bh4+ 26. Kg1 Bf3 27. Nxc4
O-O 28. Ne3 Rc6 29. Rd6 Rfc8 30. Rxc6 Rxc6 31. Bd4 f6 32. c3 g5 33. exf6 gxf4
34. Rf1 fxe3 35. Rxf3 Bf2+ 36. Kf1 Kf7 37. g5 e5 38. Bxe3 Bxe3 39. Rxe3 Rc4 40.
Rxe5 Rf4+ 41. Ke2 Kg6 42. Rd5 b5 43. Re5 Rg4 44. Re7 Rg2+ 45. Kf3 Rg1 46. Rg7+
1-0

[Event "2. Hrvatska liga zapad 2017."]
[Site "Pula, Gospić, Rijeka"]
[Date "2017.04.09"]
[Round "6.4"]
[White "Karabaic, Ivan"]
[Black "Begonja, Veljko"]
[Result "1/2-1/2"]
[WhiteElo "2187"]
[BlackElo "2116"]
[PlyCount "142"]
[EventDate "2017.03.25"]

1. Nf3 g6 2. e4 Bg7 3. d4 d6 4. Nc3 c6 5. Be2 Nf6 6. O-O O-O 7. h3 Qc7 8. Re1
Nbd7 9. a4 e5 10. Be3 Re8 11. dxe5 dxe5 12. Bc4 Nf8 13. Ng5 Ne6 14. Qf3 Nh5 15.
Nxe6 Bxe6 16. Bxe6 Rxe6 17. Red1 Rd6 18. g3 Rad8 19. Rxd6 Rxd6 20. a5 a6 21.
Kg2 Bf8 22. Bb6 Qd7 23. Rd1 Rxd1 24. Nxd1 Be7 25. Ne3 Nf6 26. Nc4 Qe6 27. b3
Nd7 28. Bc7 Bc5 29. Qd3 f6 30. f3 Kf7 31. Bd6 Ba7 32. Qd2 Kg7 33. Qb4 b5 34.
axb6 Bxb6 35. Nxb6 Nxb6 36. Bf8+ Kf7 37. Qxb6 Kxf8 38. Qxa6 Qd7 39. Qd3 Qe7 40.
h4 h5 41. Qd2 Kg7 42. b4 Qe6 43. Qd3 Qe7 44. b5 cxb5 45. Qxb5 Qc7 46. c4 Qa7
47. Qb2 Qc7 48. Qc1 Qc5 49. Kf1 Kf7 50. Ke2 Ke6 51. Kf1 Kf7 52. Qc3 Kg7 53. Ke2
Kh7 54. f4 Qg1 55. fxe5 Qg2+ 56. Kd1 fxe5 57. c5 Qh1+ 58. Kd2 Qg2+ 59. Kc1 Qf1+
60. Kb2 Qb5+ 61. Ka3 Qa6+ 62. Kb3 Qb5+ 63. Qb4 Qd3+ 64. Ka4 Qa6+ 65. Kb3 Qd3+
66. Kb2 Qe2+ 67. Kc1 Qe3+ 68. Kb1 Qd3+ 69. Ka2 Qa6+ 70. Qa3 Qc4+ 71. Kb2 Qxe4
1/2-1/2

[Event "2. Hrvatska liga zapad 2017."]
[Site "Pula, Gospić, Rijeka"]
[Date "2017.04.09"]
[Round "6.4"]
[White "Mufic, Goran"]
[Black "Monjac, Mislav"]
[Result "1-0"]
[WhiteElo "2225"]
[BlackElo "2204"]
[PlyCount "53"]
[EventDate "2017.03.25"]

1. d4 Nf6 2. Nf3 e6 3. e3 c5 4. Bd3 b6 5. O-O Bb7 6. Nbd2 d6 7. b3 Nbd7 8. Bb2
Be7 9. c4 O-O 10. Qe2 Rc8 11. Rad1 Qc7 12. Nb1 Rfe8 13. Nc3 a6 14. Bb1 Bf8 15.
d5 exd5 16. Nxd5 Nxd5 17. cxd5 Ne5 18. Ng5 h6 19. Nh7 Be7 20. f4 Ng6 21. f5 Nf8
22. Qg4 Bg5 23. Nxg5 hxg5 24. f6 Re5 25. Bxe5 dxe5 26. Qxg5 Ng6 27. Bxg6 1-0